Normal view
MARC view
- Raeside, R.
Entry Personal Name
001 - CONTROL NUMBER
- control field: 37474
003 - CONTROL NUMBER IDENTIFIER
- control field: OSt
005 - DATE AND TIME OF LATEST TRANSACTION
- control field: 20150324145203.0
008 - FIXED-LENGTH DATA ELEMENTS
- fixed length control field: 150324|| aca||aabn | a|a d
040 ## - CATALOGING SOURCE
- Original cataloging agency: OSt
100 10 - HEADING--PERSONAL NAME
- Personal name: Raeside, R.
- Fuller form of name: (Robert)
400 10 - SEE FROM TRACING--PERSONAL NAME
- Personal name: Raeside, Robert